[Event "Ulm/Neu Ulm-ch"]
[Site "Ulm/Neu Ulm"]
[Date "2009.09.18"]
[Round "1"]
[White "Krapf, Katharina"]
[Black "Lepschi, Albert"]
[Result "0-1"]
[WhiteElo "1225"]
[BlackElo "1716"]
[PlyCount "110"]
[EventDate "2009.09.18"]
[EventType "swiss"]
[EventRounds "5"]
[EventCountry "GER"]
[SourceTitle "EXT 2011"]
[Source "ChessBase"]
[SourceDate "2010.11.26"]
[SourceVersion "1"]
[SourceVersionDate "2010.11.26"]
[SourceQuality "1"]

1. c4 Nf6 2. Nc3 e6 3. d4 d5 4. e3 Be7 5. Nf3 0-0 6. Bd3 b6 7. 0-0 Bb7 8. Ne5 c5 9. dxc5 Bxc5 10. cxd5 exd5 11. Qc2 Qe7 12. Nf3 h6 13. Bd2 Nbd7 14. Rfe1 Ne5 15. Nd4 Nxd3 16. Qxd3 Qd7 17. Rac1 Rfe8 18. Ncb5 Ne4 19. b4 Ba6 20. bxc5 bxc5 21. Rc2 cxd4 22. Rb1 Nxd2 23. Rxd2 dxe3 24. fxe3 Rab8 25. a4 Qe6 26. Qxd5 Qxe3+ 27. Kf1 Bxb5+ 28. axb5 a6 29. Rdb2 Rxb5 30. Rxb5 Qe2+ 31. Kg1 axb5 32. Rf1 Qc4 33. Qd7 Rb8 34. Qd6 Ra8 35. Qb6 Rc8 36. Rb1 Qc5+ 37. Qxc5 Rxc5 38. Kf2 Kf8 39. Kf3 Ke7 40. Rb2 Kd7 41. Ke4 Kc6 42. Kd4 Rc4+ 43. Ke5 Kc5 44. Rf2 Rc1 45. Ke4 f6 46. Kf5 b4 47. Kg6 b3 48. Kxg7 Rc2 49. Rf5+ Kb4 50. Kxh6 Rxg2 51. Rf4+ Ka3 52. Rf3 Rxh2+ 53. Kg6 Ka2 54. Rxf6 b2 55. Ra6+ Kb1 0-1